<?xml version="1.0" encoding="UTF-8"?>
<record
    xmlns:xsi="http://www.w3.org/2001/XMLSchema-instance"
    xsi:schemaLocation="http://www.loc.gov/MARC21/slim http://www.loc.gov/standards/marcxml/schema/MARC21slim.xsd"
    xmlns="http://www.loc.gov/MARC21/slim">

  <leader>02824cam a22006014i 4500</leader>
  <controlfield tag="003">PE-LiUPU</controlfield>
  <controlfield tag="005">20250731170427.0</controlfield>
  <controlfield tag="008">190409s2011    mx      rb    000 0 spa d</controlfield>
  <datafield tag="020" ind1=" " ind2=" ">
    <subfield code="a">958842755X</subfield>
  </datafield>
  <datafield tag="020" ind1=" " ind2=" ">
    <subfield code="a">9789588427553</subfield>
  </datafield>
  <datafield tag="035" ind1=" " ind2=" ">
    <subfield code="a">(Sirsi) a252074</subfield>
  </datafield>
  <datafield tag="040" ind1=" " ind2=" ">
    <subfield code="a">PE-LiUPU</subfield>
    <subfield code="b">spa</subfield>
    <subfield code="c">PE-LiUPU</subfield>
    <subfield code="e">rda</subfield>
  </datafield>
  <datafield tag="049" ind1=" " ind2=" ">
    <subfield code="a">PRUA</subfield>
  </datafield>
  <datafield tag="082" ind1="0" ind2="4">
    <subfield code="a">170</subfield>
    <subfield code="b">G22</subfield>
    <subfield code="2">23</subfield>
  </datafield>
  <datafield tag="100" ind1="1" ind2=" ">
    <subfield code="a">Garc&#xED;a, Camilo,</subfield>
    <subfield code="e">autor.</subfield>
  </datafield>
  <datafield tag="245" ind1="1" ind2="0">
    <subfield code="a">Escritos sobre &#xE9;tica /</subfield>
    <subfield code="c">Camilo Garc&#xED;a.</subfield>
  </datafield>
  <datafield tag="264" ind1=" " ind2="1">
    <subfield code="a">Medell&#xED;n :</subfield>
    <subfield code="b">La Carreta,</subfield>
    <subfield code="c">2011.</subfield>
  </datafield>
  <datafield tag="300" ind1=" " ind2=" ">
    <subfield code="a">194 p&#xE1;ginas ;</subfield>
    <subfield code="c">24 cent&#xED;metros.</subfield>
  </datafield>
  <datafield tag="336" ind1=" " ind2=" ">
    <subfield code="a">text</subfield>
    <subfield code="2">rdacontent</subfield>
  </datafield>
  <datafield tag="337" ind1=" " ind2=" ">
    <subfield code="a">unmediated</subfield>
    <subfield code="2">rdamedia</subfield>
  </datafield>
  <datafield tag="338" ind1=" " ind2=" ">
    <subfield code="a">volume</subfield>
    <subfield code="2">rdacarrier</subfield>
  </datafield>
  <datafield tag="490" ind1="0" ind2=" ">
    <subfield code="a">La carreta filos&#xF3;fica</subfield>
  </datafield>
  <datafield tag="505" ind1="0" ind2=" ">
    <subfield code="a">El sufrimiento como una raz&#xF3;n de ser de la &#xE9;tica -- sobre el bien de la felicidad -- acerca del car&#xE1;cter &#xE9;tico de la compasi&#xF3;n -- di&#xE1;logo, escucha y &#xE9;tica -- inter&#xE9;s vital u moral -- sobre la formaci&#xF3;n moral de s&#xED; -- sobre sexualidad y moralidad -- nota acerca del motivo est&#xE9;tico de la &#xE9;tica -- inocencia y culpabilidad -- el deber moral comom deuda -- sobre la esencial del mal -- la ambiguedad moral del castigo -- la pretensi&#xF3;n moral del sacrificio -- la pretensi&#xF3;n moral del sacrificio -- raz&#xF3;n y justificaci&#xF3;n -- el recuerdo como una fuente de la conciencia moral -- el valor moral de las v&#xED;ctimas -- la crisis moral de la sociedad colombiana -- la falta moral de la venganza -- sobre el perd&#xF3;n y el olvido -- dostoievski: crimen y moral -- &#xBF;contribuyen las guerras al progreso moral a la humanidad? -- el contenido &#xE9;tico del estado democr&#xE1;tico de derecho moderno -- nota sobre la mentira, el enga&#xF1;o y la manipulaci&#xF3;n -- sobre el sentido &#xE9;tico de la responsabilidad -- el suplemento &#xE9;tico de la solidaridad -- sobre el significado de la justicia -- sobre la moral y la justicia -- acerca de la igualdad y desigualdad de los seres humanos.</subfield>
  </datafield>
  <datafield tag="526" ind1=" " ind2=" ">
    <subfield code="a">SEG68</subfield>
  </datafield>
  <datafield tag="526" ind1=" " ind2=" ">
    <subfield code="a">SEG70</subfield>
  </datafield>
  <datafield tag="526" ind1=" " ind2=" ">
    <subfield code="a">SEG69</subfield>
  </datafield>
  <datafield tag="526" ind1=" " ind2=" ">
    <subfield code="a">SEG67</subfield>
  </datafield>
  <datafield tag="526" ind1=" " ind2=" ">
    <subfield code="a">SEG43</subfield>
  </datafield>
  <datafield tag="526" ind1=" " ind2=" ">
    <subfield code="a">P144</subfield>
  </datafield>
  <datafield tag="526" ind1=" " ind2=" ">
    <subfield code="a">P143</subfield>
  </datafield>
  <datafield tag="526" ind1=" " ind2=" ">
    <subfield code="a">P131</subfield>
  </datafield>
  <datafield tag="526" ind1=" " ind2=" ">
    <subfield code="a">P122</subfield>
  </datafield>
  <datafield tag="526" ind1=" " ind2=" ">
    <subfield code="a">P120</subfield>
  </datafield>
  <datafield tag="526" ind1=" " ind2=" ">
    <subfield code="a">P117</subfield>
  </datafield>
  <datafield tag="526" ind1=" " ind2=" ">
    <subfield code="a">P112</subfield>
  </datafield>
  <datafield tag="526" ind1=" " ind2=" ">
    <subfield code="a">P110</subfield>
  </datafield>
  <datafield tag="526" ind1=" " ind2=" ">
    <subfield code="a">P106</subfield>
  </datafield>
  <datafield tag="526" ind1=" " ind2=" ">
    <subfield code="a">P101</subfield>
  </datafield>
  <datafield tag="526" ind1=" " ind2=" ">
    <subfield code="a">P80</subfield>
  </datafield>
  <datafield tag="526" ind1=" " ind2=" ">
    <subfield code="a">P59</subfield>
  </datafield>
  <datafield tag="526" ind1=" " ind2=" ">
    <subfield code="a">P54</subfield>
  </datafield>
  <datafield tag="526" ind1=" " ind2=" ">
    <subfield code="a">P35</subfield>
  </datafield>
  <datafield tag="526" ind1=" " ind2=" ">
    <subfield code="a">P33</subfield>
  </datafield>
  <datafield tag="526" ind1=" " ind2=" ">
    <subfield code="a">P30</subfield>
  </datafield>
  <datafield tag="541" ind1=" " ind2=" ">
    <subfield code="g">0003;</subfield>
  </datafield>
  <datafield tag="650" ind1="0" ind2="7">
    <subfield code="a">Etica.</subfield>
  </datafield>
  <datafield tag="650" ind1="0" ind2="7">
    <subfield code="a">Conducta (Etica)</subfield>
  </datafield>
  <datafield tag="910" ind1=" " ind2=" ">
    <subfield code="a">dbm</subfield>
    <subfield code="b">ksl</subfield>
    <subfield code="c">ksl</subfield>
    <subfield code="d">20190409</subfield>
  </datafield>
  <datafield tag="942" ind1=" " ind2=" ">
    <subfield code="2">ddc</subfield>
    <subfield code="c">BOOK</subfield>
  </datafield>
  <datafield tag="994" ind1=" " ind2=" ">
    <subfield code="a">C0</subfield>
    <subfield code="b">PEPRU</subfield>
  </datafield>
  <datafield tag="596" ind1=" " ind2=" ">
    <subfield code="a">1</subfield>
  </datafield>
  <datafield tag="999" ind1=" " ind2=" ">
    <subfield code="a">170 G22</subfield>
    <subfield code="w">DEWEY</subfield>
    <subfield code="c">31334</subfield>
    <subfield code="i">80258</subfield>
    <subfield code="d">31334</subfield>
    <subfield code="f">2021-11-4</subfield>
    <subfield code="g">3</subfield>
    <subfield code="l">CCODEBUL1</subfield>
    <subfield code="m">BUL</subfield>
    <subfield code="p">20.06</subfield>
    <subfield code="q">1</subfield>
    <subfield code="r">0</subfield>
    <subfield code="s">Y</subfield>
    <subfield code="t">BOOK</subfield>
    <subfield code="u">2019-4-9</subfield>
    <subfield code="x">BIBLIOTECA</subfield>
    <subfield code="P">P82</subfield>
    <subfield code="0">COMPRA</subfield>
    <subfield code="1">FCOMPR2</subfield>
    <subfield code="o">.STAFF. Colecci&#xF3;n Ciencias de la Salud</subfield>
  </datafield>
  <datafield tag="980" ind1=" " ind2=" ">
    <subfield code="8">1</subfield>
    <subfield code="g">ALBERTO SANCHEZ Responsable de Automatizaci&#xF3;n</subfield>
  </datafield>
  <datafield tag="952" ind1=" " ind2=" ">
    <subfield code="r">2026-05-07 09:16:55</subfield>
    <subfield code="i">4</subfield>
    <subfield code="l">2</subfield>
    <subfield code="o">170 G22</subfield>
    <subfield code="p">80258</subfield>
    <subfield code="s">2026-04-29</subfield>
    <subfield code="t">e1</subfield>
    <subfield code="v">25.06</subfield>
    <subfield code="w">2019-04-09</subfield>
    <subfield code="x">PG</subfield>
    <subfield code="y">BK</subfield>
    <subfield code="z">inventario-2023-12-13</subfield>
    <subfield code="1">0</subfield>
    <subfield code="2">ddc</subfield>
    <subfield code="5">0</subfield>
    <subfield code="7">0</subfield>
    <subfield code="8">GEN</subfield>
    <subfield code="f">P82</subfield>
    <subfield code="a">BUL</subfield>
    <subfield code="b">BUL</subfield>
    <subfield code="c">GEN</subfield>
    <subfield code="d">2019-04-09</subfield>
    <subfield code="e">COMPRA</subfield>
    <subfield code="g">20.06</subfield>
  </datafield>
</record>
